000 00587nam a2200205Ia 4500
005 20220729113425.0
008 131103s9999 xx 000 0 und d
040 _aLoreto College
041 _aEnglish
082 _a801.95
_bCOL
245 _aLectures in Criticism
_cEdited by Elliott Coleman with an introduction by Huntington Cairns
260 _aNew York
_bHarper & Brothers
_c1961
300 _aviii,212p
440 _aHarper torchbooks/The Bollingen
650 _aLiterary Theory
651 _aLiterature
700 _aColeman,Elliott
_4ed.
850 _aLCLIB
942 _cBK
999 _c32
_d50511